000 00885cam a2200217 4500
001 WB3703-20
008 000000n2001 000 0 eng u
035 _a(Sirsi) u110379
245 _aLandlords lose right to raid titles
260 _c2001
490 _aScotsman
_v 11 January 2001, 11(1)
520 _aMoves to change an ancient Scots law has won approval in the Scottish parliament. The area of Scottish leasehold law to change, stems from payments which should be made to landlords. The most contentious payments being based on rental values and found on long leases such as 999 years but which have not been enforced for years. This law affects approximately 1,500 leasehold titles.
590 _aWB
650 _aSCOTLAND
650 _aLEASEHOLD LAW
650 _aFEUDAL SYSTEM
650 _aRENTAL VALUES
650 _aREFORM
690 _aPROPERTY
942 _n0
999 _c65804
_d65804